| 000 | 01462nam a2200301 i 4500 | ||
|---|---|---|---|
| 003 | DO-SdBNP | ||
| 005 | 20240710140423.0 | ||
| 007 | ta | ||
| 008 | 240627s2024 dr o 000 j spa d | ||
| 020 | _a9789945938654 | ||
| 040 |
_aDO-SdBNP _bspa _cBNPHU _erda |
||
| 082 | 4 |
_aRD861.5 _bC146s _222 |
|
| 100 | 1 |
_aCalderón Soto, Eusebio _d1974- _eautor _985879 |
|
| 245 | 1 | 0 |
_aSuspiros de un poeta / _cEusebio Calderón Soto ; editor, Rodolfo Báez. |
| 264 | 1 |
_aSanto Domingo : _bEl Gato Ediciones _c©2024. |
|
| 300 |
_a130 páginas : _bilustraciones, fotografías ; _c19 cm. |
||
| 336 |
_2rdacontent _atexto _btxt |
||
| 337 |
_2rdamedia _asin mediación _bn |
||
| 338 |
_2rdacarrier _avolumen _bnc |
||
| 500 | _aIncluye datos biográficos del autor en la solapa de la cubierta | ||
| 520 | _aSuspiros de un poeta nos invita a explorar la sublime conexión entre la naturaleza y la esencia humana. En estas páginas, el autor nos sumerge en un viaje poético donde la lectura y la escritura actúan como puentes hacia la belleza intrínseca de la vida. A través de sus suspiros, el poeta revela paisajes emocionales que despiertan la imaginación y nos invitan a contemplar la grandiosidad y la fragilidad de nuestro mundo. | ||
| 590 | _aInventariado, 2024/ YL | ||
| 650 | 4 | _aPoesía dominicana | |
| 650 | 4 | _aLiteratura dominicana | |
| 700 | 1 |
_aBáez, Rodolfo, _eeditor _945445 |
|
| 910 | _aYLockward/Validado. Control de calidad MFF | ||
| 942 |
_2ddc _cLBS1 |
||
| 999 |
_c57039 _d57039 |
||